[Event "RUS-Cup2"]
[Site "Moscow"]
[Date "1996.??.??"]
[Round "6"]
[White "Volkov, Sergey"]
[Black "Gagarin, Vasilij"]
[Result "1-0"]
[WhiteElo "2485"]
[BlackElo "2420"]
[Annotator "Kharitonov,A"]
[PlyCount "61"]
[EventDate "1996.11.28"]
[EventType "swiss"]
[EventRounds "9"]
[EventCountry "RUS"]
[SourceTitle "CBM 056 Extra"]
[Source "ChessBase"]
[SourceDate "1997.03.01"]
[SourceVersion "1"]
[SourceVersionDate "1997.03.01"]
[SourceQuality "1"]

1. d4 d5 2. c4 c6 3. Nc3 Nf6 4. e3 e6 5. Nf3 Nbd7 6. Qc2 Bd6 7. Be2 O-O 8. O-O
Re8 9. b3 (9. Bd2 Qe7 10. Rad1 h6 $5 11. e4 Nxe4 12. Nxe4 dxe4 13. Qxe4 e5 $10
{Grimm,S-Gurevich,M/Bad Godesberg/1995/0|1/24/}) (9. Rd1 b6 $6 (9... Qe7 10. h3
h6 11. a3 a6 12. b3 (12. e4 Nxe4 13. Nxe4 dxe4 14. Qxe4 e5 15. Be3 Nf6 16. Qh4
e4 17. Nd2 Bf5 18. Nf1 $14 {Gurevich,M-Cifuentes Parada,R/BEL/1995/0,5/28/})
12... dxc4 13. bxc4 e5 14. Nh4 Nf8 15. Nf5 Bxf5 16. Qxf5 exd4 17. exd4 c5 18.
Be3 cxd4 19. Bxd4 $14 {Karpov,An-Illescas Cordoba,M/Wijk aan Zee/1993/1|0/61/})
10. e4 dxe4 11. Nxe4 Nxe4 12. Qxe4 Qc7 13. Be3 Bb7 14. c5 bxc5 15. dxc5 Nxc5 $2
16. Qc2 Na6 17. Ng5 g6 18. Qa4 Nb4 19. Rxd6 Qxd6 20. Ne4 $18 {Dreev,
A-Cifuentes Parada,R/Wijk aan Zee/1995/1|0/33/}) 9... dxc4 10. bxc4 e5 11. a4
$5 {N/} (11. Rd1 Qe7 12. Rb1 (12. a4 e4 13. Nd2 Nf8 14. Nf1 (14. Qa2 Qc7 15. h3
Ng6 16. Ba3 $14 {Seirawan,Y-Lautier,J/Amsterdam/1996/1|0/29/}) 14... Bf5 15. a5
a6 16. Qb3 Rad8 17. Ba3 $14 {Lputian,S-Tseitlin,Mi/Moscow/1992/1|0/36/}) 12...
e4 13. Nd2 Nf8 14. c5 $5 Bc7 15. Nc4 Ng4 16. h3 Nf6 17. Ba3 Nd5 18. Nd6 $14 {
Karpov,An-Knaak,R/Baden-Baden/1992/1|0/62/}) 11... exd4 (11... Qe7 12. a5 $5 e4
13. Nd2 Nf8 14. Re1 $14) 12. exd4 Nf8 13. Bg5 Bg4 $5 (13... h6 $5 14. Bh4 (14.
Be3 Ng4) (14. Bxf6 Qxf6 15. Ne4 Qd8) 14... Ng6 15. Bg3 Nf4 $13) 14. Rad1 h6 $6
(14... Ne6 $5 15. Be3 (15. Bh4 $6 Nf4 $36) (15. Bxf6 Qxf6 16. Ne4 Qe7 $132)
15... Nf4 16. Bxf4 Bxf4 $13) 15. Be3 Qe7 $6 (15... Ng6 $5 $13) 16. h3 Bh5 (
16... Bxf3 17. Bxf3 Ng6 $14) 17. Nh4 $1 $14 Bxe2 18. Nf5 Qe6 19. Nxe2 Bb4 $6 (
19... Bc7 $5 20. Neg3 $14) 20. Neg3 Rad8 $2 (20... a5 $5 $14) 21. d5 $1 $16
cxd5 22. Qb2 a5 (22... d4 23. Bxd4 a5 24. Nxg7 Kxg7 25. Bxf6+ $22 Qxf6 26. Nh5+
$18) 23. cxd5 Rxd5 (23... Qa6 24. d6 $1 Re6 (24... Bxd6 25. Qb6 $1 $18) 25.
Nxg7 $1 Kxg7 26. Nh5+ Kg6 27. Qc2+ Ne4 (27... Kxh5 28. Qf5+ $18) 28. Nf4+ $18)
24. Rxd5 Qxd5 25. Bxh6 Ng6 $2 (25... gxh6 26. Qxf6 $18) (25... Ne6 26. Nxg7 $18
) (25... Qe5 $5 26. Qxe5 Rxe5 27. Bxg7 $16) 26. Bxg7 $18 Nf4 27. Ne3 $1 Rxe3
28. fxe3 Bc5 29. Bxf6 Bxe3+ 30. Kh2 Bd2 31. Rf3 1-0

[Event "Oakham YM"]
[Site "Oakham"]
[Date "1992.??.??"]
[Round "8"]
[White "Shirov, Alexei"]
[Black "Akopian, Vladimir Eduardovic"]
[Result "1-0"]
[WhiteElo "2655"]
[BlackElo "2605"]
[Annotator "Knaak,R"]
[PlyCount "122"]
[EventDate "1992.03.??"]
[EventType "swiss"]
[EventRounds "9"]
[EventCountry "ENG"]
[SourceTitle "CBM 030"]
[Source "ChessBase"]
[SourceDate "1992.10.01"]
[SourceVersion "1"]
[SourceVersionDate "1992.10.01"]
[SourceQuality "1"]

1. d4 {Bulletin Ftacnik} d5 2. c4 e6 3. Nc3 c6 4. e3 Nf6 5. Nf3 Nbd7 6. Qc2 Bd6
7. g4 $5 Nxg4 (7... O-O 8. g5 Nh5 9. Bd2 $14 {Shirov-Thorhallsson Reykjavik
1992}) (7... dxc4 $1 8. g5 (8. e4 $2 e5 9. g5 exd4 10. Nxd4 Ng4 11. h3 Nge5 12.
Be3 Nc5 $17 {Adams-Kasparow/Dortmund/1992}) (8. Bxc4 Nxg4 (8... b5 $5 9. Be2
Bb7 $10) 9. Rg1 h5 10. h3 Nh6 11. e4 (11. Rxg7 $2 Qf6 12. Rh7 Rxh7 13. Qxh7
Qxf3 14. Qxh6 $17) 11... Kf8 $13) 8... Nd5 9. Bxc4 b5 10. Be2 (10. Bf1 Bb7 11.
e4 Nxc3 12. bxc3 e5 $15 {Shirov}) (10. Bxd5 cxd5 11. Nxb5 Qa5+ 12. Nc3 Ba6 $40
{Shirov}) 10... Bb7 (10... Nxc3 11. bxc3 Bb7 12. e4 e5 13. Be3 Qe7 14. a4 a6
15. O-O O-O $15 {Gomez-Baigorri Navarro/Zaragoza op/1992}) 11. e4 $6 Nf4 12.
Bd1 e5 13. Nxe5 Bxe5 $1 14. dxe5 Nxe5 $17) (7... h6 8. Rg1 e5 9. cxd5 Nxd5 $13
{Shirov}) 8. Rg1 h5 (8... Nxh2 9. Nxh2 (9. Ng5 $6 Nxf1 (9... h6 $2 10. Nxf7
Nf3+ 11. Kd1 Qf6 (11... Qe7 12. Nxh8 Nxg1 13. Qg6+ Kd8 14. Qxg1 $18) 12. Nxd6+
$18) 10. Kxf1 b6 $17) 9... Bxh2 10. Rxg7 Nf8 {/\ Ng6} (10... Qh4 $6 11. e4 $1
$14 Bf4 (11... Kf8 12. Rg2 (12. Bg5 $6 Qh5 13. Be2 Qh3 14. Bf1 $10) 12... Rg8
13. exd5 Rxg2 14. Bxg2 cxd5 15. cxd5 exd5 16. Nxd5 $16) (11... h6 {/\ Nf6} 12.
Qe2 $1 Nf6 13. e5 $1 {/\ Rg4, >< Bh2}) 12. cxd5 (12. exd5 Bxc1 13. dxe6 Bh6 14.
Rxf7 Nf8 15. Ne4 (15. d5 Bxe6 $1 16. dxe6 Nxe6 17. Qf5 O-O-O $1 $19) 15... Bxe6
16. Nd6+ Kd8 17. Nxb7+ $10) 12... Bxc1 13. Qxc1 exd5 14. Qe3 $1 $16) (10... Qc7
$2 {(10...Qc7! 11.Rxh7 Rxh7 12.Qxh7 Bd6 Shirov)} 11. f4 $16) (10... h6 $2 11.
f4 Qh4+ 12. Qf2 Qxf2+ 13. Kxf2 Nf6 14. Rg2 $16 {Shabalov-Mephisto Risc/Neu
Isenburg op/1992}) (10... h5 {Flear} 11. Bd2 (11. f4 Qh4+ 12. Qf2 Qxf2+ 13.
Kxf2 h4 14. Ne2 $10) 11... Qf6 12. Rg2 Bd6 13. O-O-O $13) 11. Rg2 (11. f4 $6
Qh4+ 12. Qf2 Qxf2+ 13. Kxf2 Ng6 14. Kg2 Kf8 15. Rxg6 hxg6 $15) 11... Bc7 (11...
Bd6 12. Bd2 Bd7 13. O-O-O a6 14. e4 Rc8 15. Re1 Be7 16. f4 b5 17. c5 dxe4 18.
Nxe4 f5 19. Nd6+ Bxd6 20. cxd6 Kf7 $13 {D. Garcia-Illescas/Leon/1992}) 12. e4
Ng6 13. Bg5 f6 14. Bh6 Nh4 15. O-O-O Nxg2 16. Bxg2 dxc4 17. Bf3 $44 {
Djurhuus-Gronn/Oslo/1992/CBM 30}) 9. h3 Nh6 10. e4 (10. Rxg7 $4 Qf6 11. Rh7
Rxh7 12. Qxh7 Nf8 13. Qc2 Qxf3 $19) (10. Bd2 $5) 10... dxe4 11. Nxe4 Bb4+ 12.
Bd2 Bxd2+ 13. Qxd2 $44 Nf6 14. Nc3 Nf5 15. O-O-O Kf8 16. Bd3 Bd7 17. Ne5 Be8
18. Ne2 Rh7 19. Bxf5 exf5 20. Ng3 Ne4 (20... g6 {Ftacnik} 21. Nxf5 gxf5 22. Qg5
{/\ Rd3,Rf3,Rxf5}) 21. Nxe4 fxe4 22. Qf4 Kg8 (22... Qf6 {Ftacnik} 23. Qxe4 Kg8
24. f4 $16) 23. Qxe4 Qe7 24. Qf4 Rd8 25. Rge1 Qd6 26. d5 Qh6 27. Qxh6 Rxh6 28.
dxc6 Rxd1+ 29. Rxd1 Bxc6 30. Rd8+ Kh7 31. Rf8 (31. Nxf7 {Ftacnik} Rf6 32. Ng5+
Kg6 33. h4 Rxf2 $15) 31... Rf6 (31... f6 $2 {Ftacnik} 32. Nf7 Rg6 33. Rh8#) 32.
Rxf7 Bg2 33. h4 Rxf7 34. Nxf7 Kg6 35. Nd6 Kf6 36. Kd2 g5 37. hxg5+ Kxg5 38. Ke3
Kg4 39. Nf7 h4 40. Ne5+ Kf5 41. Nf3 Kg4 42. Nd4 Kg5 43. b4 h3 44. Nf3+ Kf5 45.
b5 b6 46. Nh2 Ke5 47. f3 Kf5 48. a3 Ke5 49. a4 Bh1 50. Ng4+ Kd6 51. Nf2 Bg2 52.
Ne4+ Ke5 53. Kf2 Bxf3 $2 (53... Ke6) (53... Ke6 $16 {Ftacnik}) 54. Kxf3 h2 55.
Kg2 Kxe4 56. c5 Kd5 (56... bxc5 {Ftacnik} 57. a5 Kd5 (57... c4 58. b6 $18) 58.
a6 $1 c4 59. b6 c3 60. bxa7 h1=Q+ 61. Kxh1 c2 62. a8=Q+ $18) 57. c6 Kd6 58.
Kxh2 Kc7 59. Kg3 Kd6 60. Kf4 Ke6 61. Ke4 Kd6 1-0

[Event "POL-chT 51st"]
[Site "Lubniewice"]
[Date "1995.??.??"]
[Round "1"]
[White "Kempinski, Robert"]
[Black "Ivanov, Sergey"]
[Result "1-0"]
[WhiteElo "2435"]
[BlackElo "2545"]
[Annotator "Konikowski,J"]
[PlyCount "83"]
[EventDate "1995.09.14"]
[EventType "team-tourn"]
[EventRounds "11"]
[EventCountry "POL"]
[SourceTitle "EXT 1997"]
[Source "ChessBase"]
[SourceDate "1996.11.15"]
[SourceVersion "1"]
[SourceVersionDate "1996.11.15"]
[SourceQuality "1"]
[WhiteTeam "Gdansk Gedania"]
[BlackTeam "Bielsko-Biala Wlokniarz"]
[WhiteTeamCountry "POL"]
[BlackTeamCountry "POL"]

1. d4 d5 2. Nf3 Nf6 3. c4 e6 4. Nc3 c6 5. e3 Nbd7 6. Qc2 Bd6 7. g4 $5 Nxg4 8.
Rg1 Qf6 (8... Nh6 9. Bd2 {/\0-0-0|^}) 9. Rxg4 Qxf3 10. Rg1 (10. Rxg7 $5 Nf8 11.
Rg1 Ng6 (11... Bxh2 12. Be2 Qf6 13. Rg2 Bd6 14. Bd2 Ng6 15. f4 {/\0-0-0|^}) 12.
Be2 Qf6 13. Bd2 Bxh2 14. Rh1 Bd6 15. f4 $44) 10... Qf6 11. Bd2 Bxh2 12. Rg2 Bd6
13. O-O-O O-O 14. e4 Bf4 15. Kb1 Qh6 16. Bxf4 Qxf4 17. e5 f5 18. cxd5 cxd5 $2 (
18... exd5 $142) 19. Bd3 a6 20. Ne2 Qh4 21. Qc1 Rf7 22. Rh1 Qe7 23. Qh6 Nf8 24.
Nf4 Bd7 (24... Qb4 25. Nh5 Qxd4 26. Nf6+ Kh8 27. Qxh7+ Nxh7 28. Rxh7#) 25. a3
Bb5 26. Bxb5 axb5 27. Ng6 $1 Qc7 (27... Nxg6 28. Qxh7+ Kf8 29. Qh8+ Nxh8 30.
Rxh8#) (27... gxh6 28. Nxe7+ Kh8 29. Rg8#) 28. Nxf8 Kxf8 29. Qxh7 Rc8 30. Rhg1
Qc2+ 31. Ka1 f4 32. Qh4 Kg8 (32... b4 33. Rxg7 $1 Qc1+ (33... Rxg7 34. Qh8+ Ke7
35. Rxg7#) 34. Rxc1 (34. Ka2 $4 b3+ $1 35. Kxb3 Qc4#) 34... Rxc1+ 35. Ka2 Kxg7
(35... Rxg7 36. Qxf4+ $18) 36. Qg4+ Kf8 37. Qxe6 bxa3 38. Kxa3 Rf1 39. Qxd5
Rxf2 40. Qd8+ Kg7 41. e6 $18) 33. Qh6 $1 Qh7 34. Qxe6 Rd8 35. Rxg7+ $1 $18 Qxg7
36. Rxg7+ Kxg7 37. Qg4+ Kf8 38. Qh4 Re8 39. Qh6+ Kg8 40. Qg6+ Kf8 41. Qd6+ Kg7
42. Qxd5 1-0

[Event "EU-chT (Men) 12th"]
[Site "Batumi"]
[Date "1999.12.04"]
[Round "6.4"]
[White "Kempinski, Robert"]
[Black "Pinter, Jozsef"]
[Result "1-0"]
[WhiteElo "2549"]
[BlackElo "2556"]
[Annotator "Konikowski,J"]
[PlyCount "105"]
[EventDate "1999.11.06"]
[EventType "team-swiss"]
[EventRounds "9"]
[EventCountry "GEO"]
[SourceTitle "CBM 074"]
[Source "ChessBase"]
[SourceDate "2000.02.01"]
[SourceVersion "1"]
[SourceVersionDate "2000.02.01"]
[SourceQuality "1"]
[WhiteTeam "Poland"]
[BlackTeam "Hungary"]
[WhiteTeamCountry "POL"]
[BlackTeamCountry "HUN"]

1. d4 Nf6 2. c4 e6 3. Nf3 d5 4. Nc3 c6 5. e3 Nbd7 6. Qc2 Bd6 7. g4 $5 Bb4 (7...
Nf8 8. g5 N6d7 9. e4 dxe4 10. Nxe4 Bc7 11. Bd2 b6 12. O-O-O Bb7 13. c5 Ng6 14.
h4 Nf4 15. Rg1 Nd5 16. h5 Qe7 17. Kb1 O-O-O 18. b4 Nb8 (18... Kb8 $5) 19. Ne5
Nd7 20. Nc4 (20. Nd6+ $5 Bxd6 21. cxd6 Qxd6 22. Nxf7 Qh2 23. Rg2 Qxh5 24. Nxh8
$18) 20... b5 21. Ned6+ Bxd6 22. Nxd6+ Kc7 23. Qb3 {/\Qb3-g3 Johansson,
V-Connolly,S/Pula 1997/}) 8. Bd2 Qe7 (8... a5 9. g5 Bxc3 10. Bxc3 Ne4 11. Rg1
Qe7 12. Bd3 Nxc3 13. Qxc3 Qb4 14. Ke2 Qxc3 15. bxc3 dxc4 16. Bxc4 Ke7 17. a4
$14 {Krasenkow,M-Pekarek,A/BL9293/}) (8... Bxc3 9. Bxc3 Ne4 10. Bd3 Nxc3 11.
Qxc3 Qf6 12. Be2 dxc4 13. Qxc4 e5 14. dxe5 Qe7 15. Qd4 O-O 16. Qd6 Re8 17.
O-O-O g6 18. g5 Nxe5 19. Qxe7 Rxe7 20. Rd8+ Kg7 21. Nxe5 Rxe5 22. Bg4 Bxg4 23.
Rxa8 Rxg5 24. Rxa7 $18 {Dobosz,H-Nueesch,G/Biel 1995/}) (8... b6 9. cxd5 cxd5
10. g5 Bxc3 11. Bxc3 Ne4 12. Bb4 Bb7 13. h4 f6 14. Bd3 Kf7 15. Rg1 a5 16. Ba3
Rc8 17. Qd1 f5 18. Rc1 Rxc1 19. Qxc1 Qc8 20. Qxc8 Rxc8 21. Ke2 Rc7 22. Nd2 Rc8
23. Nb3 Rc6 24. Rc1 $16 {Agrest,E-Sturua,Z/Elista 1998/}) (8... dxc4 9. Bxc4 b5
10. Bd3 a6 11. g5 Nd5 12. Bxh7 c5 13. Be4 N7b6 14. g6 f6 15. Nxd5 Bxd2+ 16.
Nxd2 exd5 17. dxc5 Nc4 18. Nxc4 bxc4 19. O-O-O {1-0 Pal,P-Banduka,Z/SVK 1998/})
9. a3 (9. Bd3 e5 (9... Nxg4 10. Rg1 f5 11. cxd5 exd5 12. Bxf5 Ndf6 13. Bxc8
Rxc8 14. Qf5 O-O 15. Rxg4 Nd7 16. Nxd5 Rxf5 17. Nxe7+ Bxe7 18. Ke2 Rcf8 19.
Rag1 g6 (19... Rxf3 20. Rxg7+ Kh8 21. Rxe7 Rxf2+ 22. Kd3 $16) 20. R4g3 Nf6 21.
Rg5 Ne4 22. Rxf5 Rxf5 23. Be1 Rb5 24. Kd3 Nf6 25. b3 Nd5 26. Ne5 $16 {
Kempinski,R-San Segundo,P/Pula 1997/}) 10. dxe5 Nxe5 11. Nxe5 Qxe5 12. f4 $2 (
12. h3 $5) 12... Qe7 13. g5 Ng4 14. O-O-O dxc4 15. Bxh7 Nf2 16. g6 Nxd1 17.
gxf7+ Kf8 18. Rxd1 Be6 $19 {Kempinski,R-Rogozenko,D/Koszalin/1998/}) (9. g5
Bxc3 10. Bxc3 Ne4 11. Rg1 b6 12. O-O-O Bb7 13. Be1 c5 14. Kb1 dxc4 15. Bxc4 Nd6
16. Nd2 cxd4 17. exd4 Rc8 $36 {Lindemann,C-Kadimova,I/Berliner Sommer/ 1994/})
(9. Rg1 $5 b6 10. cxd5 cxd5 (10... exd5 $2 11. g5 Bxc3 12. Qxc3 $16) 11. g5
Bxc3 12. Bxc3 Ne4 13. Rc1 $14) 9... Bxc3 10. Bxc3 b6 11. Rg1 (11. Bd3 Ba6 12.
Qa4 dxc4 $1 13. Qxa6 (13. Qxc6 Rc8 14. Qa4 Bb7 15. Be2 a5 $17 {Kramnik}) 13...
cxd3 14. Qxd3 $6 (14. Qb7 O-O 15. Ne5 $1 Qe8 16. Nxd3 Rc8 17. Qxa7 Nxg4 $15 {
Kramnik}) 14... O-O {Petursson: White's problem herer is that he has weakend
his King side without obtaining any attacking chances.} 15. g5 Nd5 16. Bd2 f5
$1 $17 {[%csl Gd5,Rc4,Rd2,Re4,Rf3]} 17. O-O-O c5 18. Kb1 b5 $1 19. Qxb5 Rab8
20. Qa5 Rb3 21. Ka2 Rfb8 22. Rb1 e5 $1 $17 {Kramnik} 23. Rhc1 (23. dxe5 {
Petursson} Nxe5 24. Nxe5 Qxe5 25. Bc3 Nxc3+ 26. bxc3 Qe4 $19) 23... Qe6 24. Ka1
exd4 25. Rxc5 Nxc5 26. Qxc5 Nc3 $1 $19 {Gelfand,B-Kramnik,V/Berlin 1996/}) (11.
cxd5 exd5 $10 {Kramnik}) 11... Ne4 12. Bd3 Nxc3 13. Qxc3 Bb7 14. cxd5 exd5 15.
g5 g6 16. h4 O-O-O 17. b4 Kb8 18. a4 a6 19. a5 b5 20. Bf1 f5 21. O-O-O Rc8 22.
Kb2 h6 23. Bd3 hxg5 24. Rxg5 Rxh4 25. Rxg6 Rg4 26. Rg1 Rf8 27. Nd2 Rf6 28. Rg8+
Rf8 29. Rxf8+ Qxf8 30. Rh1 Rg2 31. f4 Rg3 32. Bc2 Qe7 33. Re1 Qh7 34. Nb3 Rg2
35. Kb1 Nf6 36. Qc5 Ne4 37. Bxe4 dxe4 38. d5 Qg8 $2 (38... cxd5 $5 39. Nd4 Rg8
40. Qd6+ Ka8 $13) 39. Nd4 cxd5 40. Rc1 Rg1 41. Nxf5 Rxc1+ 42. Kxc1 (42. Qxc1 $2
Qf8 $1) 42... Qg1+ 43. Kb2 Qd1 (43... Qg2+ 44. Kc3 Qg1 45. Kd4 Qa1+ 46. Qc3
Qxc3+ 47. Kxc3 Kc7 48. Kd4 $18) 44. Nd4 Qd2+ 45. Nc2 Qf2 46. Kc3 (46. Qf8+ Bc8
(46... Ka7 47. f5 $18) 47. Qd6+ $18) 46... Qg3 47. Qf8+ Ka7 48. Kb2 d4 49. Qc5+
Ka8 50. Qxd4 Qf2 51. Qe5 Qd2 (51... Qh2 52. Kc3 $18) 52. Qh8+ Ka7 53. Qd4+ (53.
Qd4+ Qxd4+ 54. Nxd4 $18) 1-0

[Event "Dortmund SuperGM 35th"]
[Site "Dortmund"]
[Date "2007.06.24"]
[Round "2"]
[White "Kramnik, Vladimir"]
[Black "Gelfand, Boris"]
[Result "1-0"]
[WhiteElo "2772"]
[BlackElo "2733"]
[Annotator "Krasenkow,M"]
[PlyCount "123"]
[EventDate "2007.06.23"]
[EventType "tourn"]
[EventRounds "7"]
[EventCountry "GER"]
[EventCategory "20"]
[SourceTitle "CBM 119"]
[Source "ChessBase"]
[SourceDate "2007.08.01"]
[SourceVersion "1"]
[SourceVersionDate "2007.08.01"]
[SourceQuality "1"]

1. d4 d5 2. c4 c6 3. Nf3 Nf6 4. Nc3 e6 5. e3 Nbd7 6. Qc2 Bd6 7. e4 Nxe4 8. Nxe4
dxe4 9. Qxe4 c5 10. Bg5 Be7 11. Bxe7 Qa5+ 12. Ke2 {This extravagant move 
(introduced by GM Ivan Sokolov) is more promising than the cowardly} (12. Nd2)
12... Kxe7 13. g3 {White continues his development and Black can't make use of
the centralized position of the white king.} cxd4 (13... Nf6 14. Qe5 b6 15. Bg2
Rd8 16. Nd2 $1 Ba6 (16... Rxd4 $2 17. Nb3 Qb4 18. Bxa8 Qxc4+ 19. Kf3 {I.Sokolov
}) 17. Bxa8 Rxa8 18. Qc7+ $1 Kf8 19. dxc5 Ne8 20. Qf4 Qxc5 21. Rhd1 Nf6 22.
Rac1 Kg8 23. Nb3 Qb4 24. Kf1 $16 {1/2-1/2 Sokolov,I-Ribli,Z/Bosna i
Hercegovina 1998/Inf 72/[Sokolov,I] (31)}) 14. Bg2 $1 (14. Qxd4 e5 15. Qd2 Qc7
$1 16. Qg5+ Kf8 17. Rc1 (17. Ke1 f6 18. Qe3 Nc5 {1/2-1/2 El Gindy,E-Magerramov,
E/Abu Dhabi 2002/CBM 089 ext}) 17... f6 (17... e4 $1 18. Nd2 Ne5 $36 {L.Bruzon}
) 18. Qe3 Nc5 19. Bg2 (19. b4 $142 {L.Bruzon}) 19... Bg4 20. Kf1 Rd8 21. Ne1 a5
22. h3 Be6 23. Kg1 Kf7 24. Kh2 Rd7 25. Rf1 Rhd8 $17 {0-1 Borgo,G-Bruzon
Bautista,L/Saint Vincent 2004/CBM 098 ext (38)}) 14... Nf6 15. Qxd4 Rd8 16. Qf4
$1 $146 {[%mdl 8]} (16. Qe3 Ng4 17. Qg5+ Qxg5 18. Nxg5 Bd7 19. b3 f6 (19... h6
20. Nh3 Rab8 21. f4 (21. Nf4 Ne5 {[%cal Yb7b5]}) 21... Bc6 22. Bxc6 bxc6 23.
Ng1 e5 24. h3 Nf6 $15 {0-1 Mastrovasilis,A-Shirov,A/Chalkidiki 2002/CBM 092 
(38)}) 20. Nh3 Rab8 21. Nf4 Ne5 22. Rhd1 b5 $1 23. Nd3 Nxd3 24. Rxd3 bxc4 25.
bxc4 Rb2+ 26. Ke3 Bc8 $15 {0-1 Nikolaidis,I-Gurevich,M/Cannes 2005/CBM 105 ext
(48)}) (16. Qe5 $2 Rd2+ $1 17. Ke1 Qxe5+ 18. Nxe5 Rxb2 19. Nd3 Rc2 20. c5 Rb8
21. Kd1 Rc4 $19 {0-1 Crouch,C-Kelly,B/Lichfield 2000/CBM 077 ext (47)}) 16...
Bd7 17. Ne5 Be8 (17... Rac8 $142 $1 {[%cal Yc8c5]} 18. Rhd1 $140 Ba4 19. b3 Rc5
$1 20. Nd3 Rf5) 18. Rhd1 Qb6 19. b3 Rxd1 20. Rxd1 Rd8 21. Rxd8 Qxd8 $2 {
Black thoroughly calculated tactical consequences of White's capture on b7 but
underestimated the positional ones!} (21... Kxd8 $142 $14) 22. Bxb7 Qa5 23. Qe3
$1 {[%mdl 32]} (23. a4 Qb6 24. Qf3 Bxa4 $1 25. bxa4 Qb2+ 26. Kf1 Qxe5 27. Qa3+
Qd6 28. c5 $14 {(which GMs Peter-Heine Nielsen, Alexey Dreev and I discussed
while waiting for our planes at the Madrid airport that Sunday) is less
convincing. The World Champion finds a purely positional solution.}) 23...
Qxa2+ 24. Kf1 Qa5 25. Bf3 {[%csl Gc4] It turns out that the c-pawn is much
stronger with two pairs of minor pieces on the board!} Qb6 26. c5 Bb5+ 27. Kg2
Qc7 28. c6 a6 29. Qc5+ Ke8 30. b4 $22 {Black has only kingside pawn moves 
(which only weaken his position) or...} Nd5 31. Bxd5 exd5 32. Qxd5 {White has
won a pawn but he still has to overcome some technical difficulties.} Kf8 $1
33. f3 f6 34. Nd7+ Ke7 35. Qg8 Kd6 36. Nc5 (36. Qxh7 Kxc6 37. Nc5 Qe5 38. Qc2
$16) 36... Qe7 {Black decides on a more active defense.} (36... Kxc6 {forced}
37. Qxh7 (37. Qe6+ Qd6 38. Qc8+ Qc7 {brings nothing})) 37. Qc8 $1 Bxc6 (37...
Qe2+ $2 38. Kh3) 38. Qxa6 Qe3 39. Qd3+ Qxd3 40. Nxd3 {[%mdl 4096] In this
endgame White's outside passed pawn gives him excellent winning chances but
don't forget that a bishop is stronger than a knight when play develops on
both sides.} Be8 (40... Bd5 $5 41. Kf2 Kc6 42. Ke3 Kb5 {[%cal Rd5c4]
apparently didn't help after} 43. f4 Bc4 44. Kd4 {etc.}) (40... Kd5 41. Nf4+
Kd4 42. Ne6+ Ke3 43. Nxg7 Bxf3+ 44. Kh3 $18) 41. Kf2 Kd5 42. Nf4+ Kc4 43. Ne6
Kxb4 44. Nxg7 Bf7 {White now must make use of the fact that the black king is
far away from the kingside, further weakening the black pawns.} 45. Nf5 Kc5 46.
Nh6 Bb3 (46... Be6 47. Ng4 Bxg4 48. fxg4 Kd4 49. Kf3 Ke5 50. Ke3 $18 {_|_}) 47.
Ng4 f5 48. Nf6 h6 49. Ke3 Kd6 50. Kf4 Ke6 51. Ng8 Bc2 (51... h5 52. Kg5 Bd1 53.
f4 {[%cal Yg8f6]}) 52. Nxh6 Kf6 53. g4 fxg4 54. fxg4 Kg6 55. Nf5 Bd3 56. h4 Be2
57. h5+ Kh7 58. Kg5 Bd3 59. Kh4 Kg8 60. Nd6 Kg7 61. g5 Bc2 62. Nc4 1-0